| 000 | 01095nam a2200349 i 4500 | ||
|---|---|---|---|
| 001 | 691 | ||
| 003 | KOSZ 005 | ||
| 005 | 20190722100423.0 | ||
| 008 | 020718s1978 pl a |001 0 pol | ||
| 015 | _aPB 1978/3803 | ||
| 035 | _a(OCoLC)749729108 | ||
| 040 |
_aWA N _cWA N _dKOSZ 005/EG |
||
| 041 | 0 | _apol | |
| 046 | _k1975 | ||
| 080 | _a006.91 | ||
| 080 | _a531.7 | ||
| 080 | _a(075.8) | ||
| 100 | 1 |
_aTomaszewski, Aleksander. _eAutor |
|
| 245 | 1 | 0 |
_aPodstawy nowoczesnej metrologii / _cAleksander Tomaszewski. |
| 250 | _aWyd. 2 popr. | ||
| 260 |
_aWarszawa : _bWydawnictwa Naukowo-Techniczne, _c1978. |
||
| 300 |
_a306, [2] s., [1] k. tabl. kolor. : _bil. tab. wykr. ; _c21 cm. |
||
| 380 | _aKsiążki. | ||
| 504 | _aBibliogr. Indeks. | ||
| 658 | _aInżynieria i technika | ||
| 658 | _aFizyka i astronomia | ||
| 655 | 4 | _aPodręczniki akademickie | |
| 650 | 4 | _aPomiary | |
| 710 | 2 |
_aWydawnictwa Naukowo-Techniczne _4pbl. |
|
| 856 |
_uhttp://koha.tu.koszalin.pl/cgi-bin/koha/opac-detail.pl?biblionumber=691 _yKatalog online BPK |
||
| 942 |
_2UKD _cKS |
||
| 999 |
_c691 _d691 |
||